Responses for Show #2945 - Friday, May 23, 1997

1997 College Championship final game 2.

Contestants

[<< previous game]

Craig Barker, a freshman from the University of Michigan (subtotal of $5,500)

Steven Bevier, a senior from Michigan State University (subtotal of $0)

Mark Urciuolo, a sophomore from Marist College (subtotal of $2,500)

[next game >>]

Jeopardy! Round responses

BIRDS
RECENT MOVIES
AROUND THE WORLD
FRIED FOOD
HEALTH & MEDICINE
"EX"TRA CREDIT
    $100 26
(C: What is an emu?)

Ostrich

MarkCraig
    $100 2
Evita

Craig
    $100 1
Christopher Columbus

Craig
    $100 16
Stir-frying

Craig
    $100 11
Migraines

Steven
    $100 17
Exam

Steven
    $200 27
Woodpecker

Mark
    $200 3
Jerry Maguire

Craig
    $200 7
Tokyo

Craig
    $200 22
French toast

Mark
    $200 12
Smoking

Steven
    $200 18
Extinguish

Mark
    $300 28
(S: What are swallows?)

Owls

MarkSteven
    $300 4
Mars Attacks!

Steven
    $300 8
National anthem

Craig
    $300 23
Liver

Mark
    $300 13
Septum

Steven
    $300 19
Excommunicate

Steven
    $400 29
Whooping cranes

Steven
    $400 5
Michael

Craig
    $400 9
Texas

Steven
    $400 24
Fritters

Craig
    $400 14
AIDS

Mark
    $400 20
Expletive

Steven
    $500 30
Falcon

Craig
    $500 6
The Evening Star

Mark
    $700 10
Cambodia (Kampuchea)

Steven
    $500 25
Eggplant

Mark
    $500 15
Chronic Fatigue Syndrome

Craig
    $500 21
Extenuating

Craig

Scores at the first commercial break (after clue 14):

Mark Steven Craig
$900 $2,000 $1,300

Scores at the end of the Jeopardy! Round:

Mark Steven Craig
$2,700 $2,900 $3,200

Double Jeopardy! Round responses

HISTORIC AMERICANS
ODDS & ENDS
1996 BIOGRAPHIES
ROMANCE LANGUAGES
OUTER SPACE
INTERIOR DESIGN
    $200 1
Richard Nixon

Steven
    $200 11
Piranha

Craig
    $200 6
Harry Houdini

Craig
    $200 16
Latin

Craig
    $200 17
Comet

Mark
    $200 26
Fans

Mark
    $400 2
Noah Webster

Steven
    $400 12
Diapers

Mark
    $400 7
Jackie Robinson

Steven
    $400 22
Here we speak French

Mark
    $400 18
Venus

Mark
    $400 27
Rugs

Mark
    $600 3
Sacajawea

Craig
    $600 13
(C: What is Puerto Rico?)
(M: What is Guam?)

American Samoa

MarkCraig
Triple Stumper
    $600 8
Douglas MacArthur

Craig
    $600 23
Portuguese (Brazil)

Mark
    $600 19
Black holes

Mark
    $600 28
Lava lamps

Steven
    $1,900 4
Dred Scott

Craig
    $800 14
(S: Who was Raleigh?)
(C: Who was Standish?)

Samuel Pepys

StevenCraig
Triple Stumper
    $2,500 9
(C: Who is Sergei Gordeeva?)

Sergei Grinkov

Craig
    $800 24
Vowel sounds

Craig
    $800 20
Red

Craig
    $800 29
Parquet

Craig
    $1000 5
Cornelius Vanderbilt

Craig
    $1000 15
19th Amendment

Mark
    $1000 10
(S: Who is Byron?)

William Blake

Steven
Triple Stumper
    $1000 25
Romanian

Craig
    $1000 21
Eclipse

Mark
    $1000 30
(Black) Velvet

Steven

Scores at the end of the Double Jeopardy! Round:

Mark Steven Craig
$7,300 $3,700 $7,400

[wagering suggestions for these scores]

Final Jeopardy! Round responses

GENESIS
(Alex: I don't think it's the music group!)
(Alex: The line in Genesis is: "So Joseph died being 110 years old, and he was embalmed and he was put in a coffin in [*].")
...
(Alex: Craig, here's your trophy, but I know you also want these, the keys to the car. Go down there and enjoy!)
StevenWhat is Israel
$3,700
MarkWhat is Israel? Hey Mom, Dad, Becca
$2,399
CraigWhat is Egypt
$4,500
Egypt

Final scores:

Mark Steven Craig
$4,901 $0 $11,900

Cumulative scores:

Mark Steven Craig
$7,401 $0 $17,400
1st runner-up: $10,000 minimum 2nd runner-up: $7,500 minimum Tournament champion: $25,000 minimum & Volvo S70 automobile

Game dynamics:

Coryat scores:

Mark Steven Craig
$7,300 $3,500 $8,800
19 R,
1 W
15 R
(including 1 DD),
3 W
22 R
(including 1 DD),
4 W
(including 1 DD)

Combined Coryat: $19,600

[game] [game scores] [suggest correction]

Game tape date: 1997-02-26
The J! Archive is created by fans, for fans. Scraping, republication, monetization, and malicious use prohibited; this site may use cookies and collect identifying information. See terms. The Jeopardy! game show and all elements thereof, including but not limited to copyright and trademark thereto, are the property of Jeopardy Productions, Inc. and are protected under law. This website is not affiliated with, sponsored by, or operated by Jeopardy Productions, Inc. Join the discussion at JBoard.tv.